000 00416nam a2200169Ia 4500
008 240729s9999 xx 000 0 und d
022 _a1477-5956
245 0 _aProteome Science
260 _aUnited Kingdom
260 _bBMC
650 _a Biology (General)
650 _a Cytology
650 _aScience
856 _uhttps://doaj.org/toc/a55c5b1934b84c2db877ba8ed54f41ff
942 _2ddc
942 _cDOAJEJ
999 _c74026
_d74026
945 _a1
_bMadushi Gamage
_c1
_dMadushi Gamage